Đánh giá ảnh hưởng của một số yếu tố môi trường đến các đặc tính sinh học của cá tra (Pangasianodon hypophthalmus) Luận văn tốt nghiệp cao học ngành: Sinh thái học

Nội dung luận văn giới thiệu cơ sở lý luận và phương pháp nghiên cứu. Đánh giá ảnh hưởng của một số yếu tố môi trường đến các đặc tính sinh học của cá tra (Pangasianodon hypophthalmus). Kết luận và kiến nghị....

Πλήρης περιγραφή

Αποθηκεύτηκε σε:
Λεπτομέρειες βιβλιογραφικής εγγραφής
Κύριος συγγραφέας: Mai, Nguyễn Diễn An
Μορφή: Βιβλίο
Γλώσσα:Undetermined
Έκδοση: Cần Thơ Trường Đại học Cần Thơ 2018
Θέματα:
Ετικέτες: Προσθήκη ετικέτας
Δεν υπάρχουν, Καταχωρήστε ετικέτα πρώτοι!
Thư viện lưu trữ: Trung tâm Học liệu Trường Đại học Cần Thơ
LEADER 01268nam a2200229Ia 4500
001 CTU_228212
008 210402s9999 xx 000 0 und d
082 |a 639.31 
082 |b A105 
088 |a 604201120 
100 |a Mai, Nguyễn Diễn An 
245 0 |a Đánh giá ảnh hưởng của một số yếu tố môi trường đến các đặc tính sinh học của cá tra (Pangasianodon hypophthalmus) 
245 0 |b Luận văn tốt nghiệp cao học ngành: Sinh thái học 
245 0 |c Mai Nguyễn Diễn An; Nguyễn Trọng Hồng Phúc (cán bộ hướng dẫn) 
260 |a Cần Thơ 
260 |b Trường Đại học Cần Thơ 
260 |c 2018 
520 |a Nội dung luận văn giới thiệu cơ sở lý luận và phương pháp nghiên cứu. Đánh giá ảnh hưởng của một số yếu tố môi trường đến các đặc tính sinh học của cá tra (Pangasianodon hypophthalmus). Kết luận và kiến nghị. 
650 |a Thủy sản cá da trơn,Catfish fisheries 
650 |x Sinh thái học,Ecology 
910 |b dqhieu 
980 |a Trung tâm Học liệu Trường Đại học Cần Thơ